Biblioteca

Tenis de mesa / Tucídides Perea Rosero; ilustraciones Mauricio Osorio (Registro nro. 48577)

Detalles MARC
000 -LÍDER
Campo fijo de descripción fija 005630000a22002050004500
001 - NÚMERO DE CONTROL
Campo de control 1416
003 - IDENTIFICADOR DEL NÚMERO DE CONTROL
Campo de control CO-MdFUSB
005 - FECHA Y HORA DE LA ULTIMA TRANSACCIÓN
control field 20180409144247.0
008 - ELEMENTOS DE LONGITUD FIJA -- INFORMACIÓN GENERAL
Campo fijo de descripción fija -- Información general 180409b xxu||||| |||| 00| 0 eng d
020 ## - NÚMERO INTERNACIONAL NORMALIZADO PARA LIBROS
Número Internacional Normalizado del libro 958-30-0027-2
040 ## - FUENTE DE CATALOGACIÓN
Agencia que realiza la transcripción CO-MdBIC
082 04 - NÚMERO DE CLASIFICACIÓN DECIMAL DEWEY
Número de clasificación 796 P41tm
100 1# - ASIENTO PRINCIPAL--NOMBRE PERSONAL
Nombre personal Perea Rosero, Tucídides
245 10 - TÍTULO
Título del Material Tenis de mesa / Tucídides Perea Rosero; ilustraciones Mauricio Osorio
250 ## - MENCIÓN DE EDICIÓN
Mención de edición 5a ed. / Edición Gabriel Silva Rincón
260 ## - PUBLICACIÓN, DISTRIBUCIÓN, ETC. (PIE DE IMPRENTA)
Lugar de publicación, distribución, etc. Bogotá : Panamericana Editorial
300 ## - DESCRIPCIÓN FÍSICA
Extensión 100 P.
650 14 - ASIENTO SECUNDARIO DE MATERIA - TERMINO TEMÁTICO
Término temático o nombre geográfico como elemento de entrada TENIS DE MESA
942 ## - TIPO DE MATERIAL (KOHA)
Tipo de Item KOHA Z- Libro General BINCO
Existencias
Estado de Material Estado de Perdido Forma de Clasificación Volumen-Parte/Tomo Estado de Dañado No para Préstamo Tomo Biblioteca de Origen Biblioteca Permanente Fecha de Adquisición Total de Préstamos Signatura Topográfica Código de Barras Última vez visto Última vez Préstado Ejemplar/Existencia Fecha de Remplazo Tipo de Material
    Dewey Decimal Classification         Biblioteca Infantil Comunitaria BINCO Biblioteca Infantil Comunitaria BINCO 06/08/2008 1 796 P41tm B31995 08/04/2022 25/03/2022 1 26/01/2016 Z- Libro General BINCO

Biblioteca FUSBC | Teléfono: (57+4) 349 88 10 Ext. 141| WhatsApp (+57) 3005338115 
E-mail: biblioteca@unisbc.edu.co | Calle 76 87-14 Robledo Palenque, Medellín, Colombia

Con tecnología Koha